Fede cristiana e omosessualita'

Gespeichert in:
Bibliographische Detailangaben
1. Verfasser: AA.VV
Format: Buch
Sprache:Nichtbestimmte Sprache
Veröffentlicht: Prali (TO) Agape 1981
Tags: Tag hinzufügen
Keine Tags, Fügen Sie das erste Tag hinzu!

MARC

LEADER 00000nam a2200000Ia 4500
001 34
003 NUMERAZIONE-ORIGINALE-BRESCIA
005 20260206230747.0
008 260206s9999 xx 000 0 und d
100 |a AA.VV. 
245 0 |a Fede cristiana e omosessualita' 
260 |a Prali (TO) 
260 |b Agape 
260 |c 1981 
500 |a numero 6 
500 |a Quaderni di Agape 
942 |2 ddc  |c BK  |n 0 
952 |0 0  |1 0  |2 ddc  |4 0  |6 16  |7 0  |9 28212  |a BS  |b BS  |d 2026-02-06  |i 34  |l 0  |o 1-6-*  |r 2026-02-06 22:40:30  |w 2026-02-06  |x [REVISIONARE]  |y BK 
999 |c 23916  |d 23916